| 000 | 01055nam a22003617a 4500 | ||
|---|---|---|---|
| 001 | 0016716 | ||
| 003 | KOHA_MİRAKIL | ||
| 005 | 20260207002113.0 | ||
| 007 | ta | ||
| 008 | 100422b2000 tu |||gr||||#||||0|tur | | ||
| 020 |
_a 9758301152 _c0,01 |
||
| 040 |
_aTR-BiSEU _btur _cTR-BiSEU _erda |
||
| 041 | 0 | _atur | |
| 044 | _ctu | ||
| 050 |
_aHF1414 _b.E76 2000 |
||
| 100 | 1 | _aErol, Kemal. | |
| 245 | 1 |
_aRekabet kurallarının ülke dışı uygulanması/ _cKemal Erol ; Kemal Erol. |
|
| 264 | 1 |
_aAnkara : _bRekabet Kurumu _c2000 |
|
| 300 | _aix, 194 sayfa; 23 cm. | ||
| 336 |
_ametin _btxt _2rdacontent |
||
| 337 |
_aaracısız _bn _2rdamedia |
||
| 338 |
_acilt _bnc _2rdacarrier |
||
| 490 | 1 | _aRekabet Kurumu. | |
| 490 | 1 |
_aLisanüstü tez serisi ; _v1. |
|
| 500 | _aKaynakça var. | ||
| 650 | 0 |
_aCompetition--Turkey. _910338 |
|
| 650 | 0 |
_aCompetition. _94785 |
|
| 650 | 0 |
_aRekabet. _93533 |
|
| 650 | 0 |
_aRekabet--Türkiye. _918160 |
|
| 830 | 1 |
_aRekabet Kurumu. _96192 |
|
| 830 | 1 |
_aLisanüstü tez serisi ; _v1. _938747 |
|
| 942 |
_2lcc _cBK |
||
| 999 |
_c16677 _d16677 |
||